[Event "ESP-ch U14"]
[Site "Salobrena"]
[Date "2020.08.05"]
[Round "5"]
[White "Vesga Izeta, Markel"]
[Black "San Miguel Torre, Saul"]
[Result "1/2-1/2"]
[WhiteElo "1821"]
[BlackElo "1614"]
[PlyCount "51"]
[EventDate "2020.08.03"]
[EventType "swiss"]
[EventRounds "9"]
[EventCountry "ESP"]
[SourceTitle "EXT 2021"]
[Source "ChessBase"]
[SourceDate "2020.10.23"]
[SourceVersion "1"]
[SourceVersionDate "2020.10.23"]
[SourceQuality "1"]

1. d4 Nf6 2. c4 g6 3. Nc3 d5 4. cxd5 Nxd5 5. e4 Nxc3 6. bxc3 Bg7 7. Be3 c5 8. Nf3 Qa5 9. Qd2 Bg4 10. Rc1 Bxf3 11. gxf3 e6 12. d5 exd5 13. exd5 Nd7 14. c4 Qb6 15. Be2 0-0 16. 0-0 Qd6 17. Bf4 Be5 18. Bg3 Qf6 19. Kg2 Rfe8 20. Bd1 Nb6 21. Qd3 Qg5 22. Rb1 Qf6 23. Rc1 Qg5 24. Rb1 Qf6 25. Rc1 Qg5 26. Rb1 1/2-1/2

[Event "ESP-ch U14"]
[Site "Salobrena"]
[Date "2020.08.03"]
[Round "1"]
[White "Bernado Lopez, Roger"]
[Black "San Miguel Torre, Saul"]
[Result "1-0"]
[WhiteElo "2148"]
[BlackElo "1614"]
[PlyCount "33"]
[EventDate "2020.08.03"]
[EventType "swiss"]
[EventRounds "9"]
[EventCountry "ESP"]
[SourceTitle "EXT 2021"]
[Source "ChessBase"]
[SourceDate "2020.10.23"]
[SourceVersion "1"]
[SourceVersionDate "2020.10.23"]
[SourceQuality "1"]

1. e4 c5 2. Nf3 d6 3. d4 cxd4 4. Nxd4 Nf6 5. Nc3 a6 6. Bg5 e6 7. f4 Be7 8. Qf3 Nbd7 9. 0-0-0 Qc7 10. Bd3 b5 11. Rhe1 Bb7 12. Qg3 b4 13. Nd5 exd5 14. exd5 Kf8 15. Nf5 Bd8 16. Bh6 Nh5 17. Bxg7+ 1-0

[Event "ESP-chT Regional U14"]
[Site "Padron"]
[Date "2017.06.22"]
[Round "1.2"]
[White "Fernandez Lopez, Ruben"]
[Black "San Miguel Torre, Saul"]
[Result "1-0"]
[WhiteElo "1982"]
[BlackElo "1233"]
[PlyCount "47"]
[EventDate "2017.06.22"]
[EventType "team"]
[EventRounds "6"]
[EventCountry "ESP"]
[SourceTitle "EXT 2018"]
[Source "ChessBase"]
[SourceDate "2017.10.13"]
[SourceVersion "1"]
[SourceVersionDate "2017.10.13"]
[SourceQuality "1"]
[WhiteTeam "Galicia (U14)"]
[BlackTeam "Cantabria (U14)"]
[WhiteTeamCountry "ESP"]
[BlackTeamCountry "ESP"]

1. e4 c5 2. Nc3 d6 3. Nge2 Nf6 4. d4 cxd4 5. Nxd4 a6 6. Be3 e5 7. Nf3 Be7 8. Bc4 Nc6 9. 0-0 0-0 10. Qe2 Na5 11. Bb3 Nxb3 12. cxb3 h6 13. Rfd1 Be6 14. Nxe5 Qa5 15. Nc4 Bxc4 16. bxc4 Rac8 17. Nd5 Nxd5 18. Rxd5 Qc7 19. b3 Rfd8 20. Rad1 Bf6 21. Qd2 Be7 22. Bxh6 gxh6 23. Qxh6 Bf8 24. Rg5+ 1-0